000 00973cam a2200229 i 4500
999 _c57369
_d57369
001 19217370
005 20221105220221.0
008 160805s2016 ii a 001 0 eng
020 _a9789385999116 1
041 _aeng
080 _a612 S-46
100 _aSembulingam, K.,
_98336
245 1 0 _aEssentials of medical physiology /
_cK. Sembulingam, PhD, Madha Medical College & Research Institute, Kundrathur Main Road, Kovur, Thandalam, Chennai, Tamil Nadu, India and Prema Sembulingam, PhD.
250 _aSeventh edition.
264 1 _aNew Delhi ;
_aPhiladelphia :
_bJaypee Brothers Medical Publishers (P) Ltd.,
_c2016.
300 _a1112 pages :
_billustrations (chiefly color) ;
_c27 cm.
653 _aსამედიცინო ფიზიოლოგიის საფუძვლები
653 _aმედიცინა
653 _aფიზიოლოგია
700 1 _aSembulingam, Prema,
_eავტორი
_98338
942 _2udc
_cBK